000 00746nam a2200253 a 4500
008
020 _a0631198253 (pbk.)
049 _aMAIN
090 _aHQ1206
100 1 _aWeedon, Chris.
245 1 0 _aFeminist practice and poststructuralist theory /
_cChris Weedon.
260 _aOxford, UK :
_bBlackwell,
_c1987.
300 _a195 p. ;
_c23 cm.
504 _aIncludes bibliographical references.
500 _aIncludes index.
650 0 _aFeminist theory.
650 0 _aPoststructuralism.
740 0 _aFeminist practice and post-structuralist theory.
907 _a.b10129698
_b18-08-05
_c06-07-04
003
005 20230123133752.0
040 _cNUST
942 _cBOOKS
_kHQ1206
999 _c154298
_d154298